000 01238cam a2200217 4500
001 WB4008-15
008 040224n2004 000 0 eng u
035 _a(Sirsi) u125220
245 _aFSA concludes review of property investment schemes
260 _c2004
490 _aFSA Press Release
_v(FSA/PN/016/2004 23 February 2004 (2)
520 _aA review of property investment schemes available to retail investors by the Financial Services Authority (FSA) has concluded that such investment is relatively small, the product literature is quite clear and that much of the risky products are sold to wealthy clients by specialist independent financial advisors. The FSA will be placing more information on its website for consumers who are considering investing in property schemes, particularly limited partnerships. FSA has concluded that no significant regulatory action is required. For the FSA Press Release: http://www.fsa.gov.uk/pubs/press/2004/016.html
590 _aWB
590 _aWB
650 _aPROPERTY INVESTMENT MARKET
650 _aRETAIL INVESTMENT
650 _aPROPERTY FUND MANAGEMENT
650 _aFINANCIAL SERVICES AND MARKETS ACT 2000
690 _aVALUATION AND INVESTMENT APPRAISAL
942 _n0
999 _c117048
_d117048